000 00810nas a2200265 4500
001 BR9501887
003 BR-BrBNA
005 20231205093936.0
007 ta
008 230509b bl.|||p| |||| 00| 00por d
040 _aBR-BrBNA
_bpor
_cBiblioteca Nacional de Agricultura
041 _a(Pt)
072 _aL70
100 1 _aFernandes, R.E.
100 1 _aFilho, A.P.F.S.
100 1 _aRocha, A.L.A.
100 1 _aBeck, C.A.
245 1 _aAndamantinoma em equino, diagnostico e tratamento cirurgico
650 _aEquino
650 _aCirurgia
650 _aVeterinaria
773 0 _tArquivos da Faculdade de Veterinaria da Universidade Federal do Rio Grande do Sul (Brazil)
_xISSN 0101-5230
_g(1992), v. 20 p. 164-170
_wBR9501887
909 _a202311
_bLúcia
_c55
_dLúcia Elande
942 _2AGRIS
_n0
_cANA
999 _c141215
_d141215